Brawlers Algozes no Brawl Stars - Statistics

Estatísticas Gerais
  • Esse quiz foi jogado 15 vezes
    7 desde o último reset
  • A pontuação média é 10 de 16
Estatísticas das Respostas
Resposta % Correto
Edgar
100%
Cordelius
83%
Kenji
83%
Alli
67%
Corvo
67%
Leon
67%
Mico
67%
Mortis
67%
Sam
67%
Stu
67%
Buzz
50%
Fang
50%
Kaze
50%
Lily
50%
Melodie
50%
Shade
33%
Nenhum quiz correspondente encontrado
Distribuição das Pontuações
Porcentagem de Pessoas com Cada Pontuação
Percentil de Números Respondidos
Sua Pontuação Histórica
Você não jogou esse quiz desde o último reset